Welcome to the Holygrace Academy Library

Please use search bar below to get started

THE HARDY BOYS - HAZED (Record no. 7752)

MARC details
000 -LEADER
fixed length control field 00636nam a22001457a 4500
020 ## - INTERNATIONAL STANDARD BOOK NUMBER
ISBN 978-1-4169-1803-5
082 ## - DEWEY DECIMAL CLASSIFICATION NUMBER
Classification number 823
Item number DIX/H
100 ## - MAIN ENTRY--AUTHOR NAME
Personal name DIXON, FRANKLIN W
245 ## - TITLE STATEMENT
Title THE HARDY BOYS - HAZED
260 ## - PUBLICATION, DISTRIBUTION, ETC. (IMPRINT)
Place of publication NEW YORK
Name of publisher ALADDIN PAPERBACKS
Year of publication 2007
300 ## - PHYSICAL DESCRIPTION
Number of Pages 153
520 ## - SUMMARY, ETC.
Summary, etc In "Hazed," the boys go undercover as pledges at a fraternity that has a nasty reputation. In "Death and Diamonds," they investigate the theft of diamonds from a supermodel's dressing room. MISSION: Investigate possible hazing at Eagle River Academy, and find the truth behind a student's death.
650 ## - SUBJECT ADDED ENTRY--TOPICAL TERM
Topical Term MYSTERY STORIES
Geographic subdivision UNITED STATES
942 ## - ADDED ENTRY ELEMENTS (KOHA)
Koha item type Books
Holdings
Withdrawn status Lost status Collection code Home library Current library Shelving location Date acquired Source of acquisition Cost, normal purchase price Full call number Accession Number Koha item type
    Fiction Main Library Main Library NEW SHELF WITH NEW ENTRY 20/11/2023 purchase 250.00 823 DIX/H 13394 Books